[Event "chess.com SpeedChess 2023"]
[Site "chess.com INT"]
[Date "2023.09.06"]
[Round "1.16"]
[White "Sarana, Alexey"]
[Black "Nihal, Sarin"]
[Result "1/2-1/2"]
[WhiteTitle "GM"]
[BlackTitle "GM"]
[WhiteElo "2693"]
[BlackElo "2694"]
[WhiteFideId "24133795"]
[BlackFideId "25092340"]
[EventDate "2023.09.04"]
[EventType "k.o."]

1. d4 d5 2. c4 e6 3. Nc3 h6 4. Bf4 Nf6 5. e3 Bd6 6. Bxd6 Qxd6 7. Rc1 Qe7 8. Bd3
O-O 9. cxd5 exd5 10. h3 b6 11. Nf3 c5 12. b3 Be6 13. O-O Rc8 14. Qe2 Nc6 15. Bb5
Rab8 16. Rfd1 cxd4 17. Bxc6 dxc3 18. Rxc3 Rc7 19. Nd4 Rbc8 20. Rdc1 Bd7 21. Qb5
Qd6 22. R3c2 Bxc6 23. Rxc6 Rxc6 24. Rxc6 Rxc6 25. Qxc6 Qxc6 26. Nxc6 a5 27. Kf1
Kf8 28. Ke2 Ne4 29. a3 Ke8 30. f3 Ng5 31. Kd3 Kd7 32. Ne5+ Kd6 33. f4 f6 34. Ng6
Ne6 35. b4 axb4 36. axb4 Nd8 37. Nh4 Ke6 38. g4 Kd7 39. Nf5 Ne6 40. h4 Kc6 41.
h5 Kd7 42. Kc3 Kc6 43. Kc2 b5 44. Kd3 Kd7 45. Kc3 Kc6 46. Kd2 Kd7 47. Kd3 Kc6
48. Ke2 Kd7 49. Kf3 Kc6 50. e4 dxe4+ 51. Kxe4 Kd7 52. Ne3 Nc7 53. Kf5 Ke7 54.
Kg6 Kf8 55. Kf5 Kf7 56. Ke4 Na6 57. Nd5 Ke6 58. Kd4 Kd6 59. Ne3 Ke6 60. Nf5 Kf7
61. Kc3 Nb8 62. Nd4 Nd7 63. Nxb5 f5 64. g5 hxg5 65. fxg5 f4 66. Nd4 Ne5 67. b5
f3 68. Nf5 f2 69. Ng3 Nf3 70. b6 Nxg5 71. Kd4 Ne6+ 72. Kd5 Nd8 73. Kd6 Kg8 74.
Kd7 Nb7 75. Kc6 Na5+ 76. Kd5 Kh7 77. Ke5 Kh6 78. Kf5 f1=Q+ 79. Nxf1 Kxh5 80. Ne3
g5 81. Ke5 g4 82. Kf4 Kg6 83. Nxg4 Kf7 84. Ke5 Nc4+ 85. Kd5 Nxb6+ 1/2-1/2

[Event "chess.com SpeedChess 2023"]
[Site "chess.com INT"]
[Date "2023.09.06"]
[Round "1.17"]
[White "Nihal, Sarin"]
[Black "Sarana, Alexey"]
[Result "1-0"]
[WhiteTitle "GM"]
[BlackTitle "GM"]
[WhiteElo "2694"]
[BlackElo "2693"]
[WhiteFideId "25092340"]
[BlackFideId "24133795"]
[EventDate "2023.09.04"]
[EventType "k.o."]

1. d4 Nf6 2. Nf3 d5 3. Bf4 c5 4. e3 Nc6 5. Nbd2 Qb6 6. dxc5 Qxb2 7. Rb1 Qa3 8.
Bb5 g6 9. O-O Bg7 10. c4 O-O 11. Bxc6 bxc6 12. Ne5 Qxc5 13. Nb3 Qb6 14. Nd4 Qa6
15. Ndxc6 dxc4 16. Nxe7+ Kh8 17. Qf3 Be6 18. Rfc1 Ng8 19. Nd5 Rac8 20. Nc3 Ne7
21. h4 h5 22. Qb7 Qxb7 23. Rxb7 Nd5 24. Nxd5 Bxd5 25. Rxa7 c3 26. Nd7 Rfd8 27.
Nb6 Rc6 28. Bc7 Rxb6 29. Bxb6 Rc8 30. Rc7 Ra8 31. Bd4 Bxd4 32. exd4 Rxa2 33.
R1xc3 Rd2 34. Rd7 Rxd4 35. Rc8+ Kg7 36. Rcd8 1-0

[Event "chess.com SpeedChess 2023"]
[Site "chess.com INT"]
[Date "2023.09.06"]
[Round "1.18"]
[White "Sarana, Alexey"]
[Black "Nihal, Sarin"]
[Result "1-0"]
[WhiteTitle "GM"]
[BlackTitle "GM"]
[WhiteElo "2693"]
[BlackElo "2694"]
[WhiteFideId "24133795"]
[BlackFideId "25092340"]
[EventDate "2023.09.04"]
[EventType "k.o."]

1. e4 e5 2. Nf3 Nc6 3. Bc4 Bc5 4. c3 Nf6 5. d3 O-O 6. O-O d5 7. exd5 Nxd5 8. Re1
Bg4 9. Nbd2 Nb6 10. Bb5 Bd6 11. Ne4 f5 12. Neg5 Qd7 13. Qb3+ Kh8 14. Nxe5 Bxe5
15. Rxe5 h6 16. Ne6 Rf6 17. Nf4 Qd6 18. Re1 Ne5 19. d4 Ng6 20. Qa3 Qxa3 21. bxa3
c6 22. Bd3 Nd5 23. Nxd5 cxd5 24. f3 Bh5 25. Rb1 b6 26. Rb5 Rd8 27. a4 Nf8 28.
Bf4 1-0

[Event "chess.com SpeedChess 2023"]
[Site "chess.com INT"]
[Date "2023.09.06"]
[Round "1.19"]
[White "Nihal, Sarin"]
[Black "Sarana, Alexey"]
[Result "0-1"]
[WhiteTitle "GM"]
[BlackTitle "GM"]
[WhiteElo "2694"]
[BlackElo "2693"]
[WhiteFideId "25092340"]
[BlackFideId "24133795"]
[EventDate "2023.09.04"]
[EventType "k.o."]

1. d4 Nf6 2. Nf3 d5 3. c3 c5 4. dxc5 e6 5. Be3 Be7 6. g3 O-O 7. Bg2 Ng4 8. Bd4
Nc6 9. h3 Nf6 10. O-O a5 11. a4 Ne4 12. Na3 Nxc5 13. Nb5 Nxd4 14. cxd4 Ne4 15.
Ne5 Nd6 16. Qb3 Qb6 17. e3 Nxb5 18. axb5 f6 19. Nd3 Bd7 20. Nf4 g5 21. Nh5 Qxb5
22. Qc2 Be8 23. g4 Bg6 24. Qc7 Rf7 25. Ng3 Qc6 26. Qxc6 bxc6 27. Rfc1 f5 28.
Rxc6 f4 29. Nh5 f3 30. Bf1 Bxh5 31. gxh5 Rf6 32. Rb6 Bd8 33. Rb7 Rf7 34. Rxf7
Kxf7 35. b4 a4 36. Ra3 Be7 37. Bb5 Rb8 38. Bxa4 Rxb4 0-1

[Event "chess.com SpeedChess 2023"]
[Site "chess.com INT"]
[Date "2023.09.06"]
[Round "1.20"]
[White "Sarana, Alexey"]
[Black "Nihal, Sarin"]
[Result "1/2-1/2"]
[WhiteTitle "GM"]
[BlackTitle "GM"]
[WhiteElo "2693"]
[BlackElo "2694"]
[WhiteFideId "24133795"]
[BlackFideId "25092340"]
[EventDate "2023.09.04"]
[EventType "k.o."]

1. d4 d5 2. c4 dxc4 3. e4 b5 4. a4 c6 5. axb5 cxb5 6. Nc3 Qb6 7. Qh5 a6 8. Nxb5
e6 9. Bxc4 Nf6 10. Qe2 Bb7 11. Nc3 Qxd4 12. Nf3 Qd8 13. O-O Be7 14. Bg5 O-O 15.
Rad1 Nfd7 16. Bf4 Nc6 17. e5 Qe8 18. Rfe1 Nb6 19. Bd3 Rd8 20. h4 Nb4 21. Bb1
Rxd1 22. Rxd1 N6d5 23. Bg5 h6 24. Bxe7 Nxe7 25. Ne4 Qb5 26. Qe3 Nf5 27. Qf4 Nd5
28. Qd2 Qb4 29. g4 Qxd2 30. Rxd2 Nfe7 31. Nd6 Ba8 32. Nd4 Nf4 33. h5 Rb8 34. Kh2
Nc6 35. Nxc6 Bxc6 36. Kg3 Nd5 37. Be4 Nb4 38. f3 Bxe4 39. Nxe4 Nd5 40. Nd6 a5
41. Rc2 Nb4 42. Rc7 Rf8 43. f4 Nd5 44. Rb7 f6 45. exf6 Rxf6 46. Rb8+ Rf8 47.
Rxf8+ Kxf8 48. Nc4 a4 49. Kf3 Ke7 50. Ke4 Nf6+ 51. Kf3 Nd5 52. Ne5 Kd6 53. Ke4
Kc5 54. g5 Ne7 55. Kd3 Nf5 56. Kc3 Ng3 57. Ng4 Nxh5 58. gxh6 gxh6 59. Nxh6 Nxf4
60. Ng4 Nd5+ 61. Kd3 Nb6 62. Ne5 Kb4 63. Kc2 Nc4 64. Nd3+ Kb5 65. b3 Ne3+ 66.
Kb2 Nd1+ 67. Ka3 axb3 68. Kxb3 Ne3 69. Nf4 Nc4 70. Nxe6 1/2-1/2

[Event "chess.com SpeedChess 2023"]
[Site "chess.com INT"]
[Date "2023.09.06"]
[Round "1.21"]
[White "Nihal, Sarin"]
[Black "Sarana, Alexey"]
[Result "1/2-1/2"]
[WhiteTitle "GM"]
[BlackTitle "GM"]
[WhiteElo "2694"]
[BlackElo "2693"]
[WhiteFideId "25092340"]
[BlackFideId "24133795"]
[EventDate "2023.09.04"]
[EventType "k.o."]

1. d4 Nf6 2. Nf3 d5 3. c3 c6 4. Qc2 g6 5. Bf4 Bg7 6. e3 O-O 7. Nbd2 Re8 8. Be2
Nbd7 9. O-O Nh5 10. Bg5 h6 11. Bh4 Nhf6 12. Bg3 Nh5 13. Bh4 Nhf6 14. c4 b6 15.
cxd5 cxd5 16. Rac1 Bb7 17. Qa4 a6 18. Bg3 b5 19. Qb3 Qb6 20. Bc7 Qe6 21. a4 Rec8
22. axb5 axb5 23. Bxb5 Ba6 24. Bxa6 Qxa6 25. h3 e6 26. Bg3 Bf8 27. Ne5 Nxe5 28.
Bxe5 Nd7 29. Bf4 h5 30. Nf3 Qb6 31. Qxb6 Nxb6 32. b3 f6 33. Bc7 Nd7 34. Rc6 Nb8
35. Rcc1 Ba3 36. Rc3 Bb4 37. Rcc1 Ba3 38. Rc3 Bb4 39. Rc2 Na6 40. Ra1 Rxc7 41.
Rca2 Rc6 42. Ra4 Rb6 43. g3 Kf7 44. Kg2 Ke7 45. g4 hxg4 46. hxg4 g5 47. Rh1 Kd6
48. Rh6 Rf8 49. Rh7 Nc7 50. Ra7 Rc8 51. Rf7 Rc6 52. Rxf6 Rc2 53. Nxg5 Rg8 54.
Nxe6 Nxe6 55. Ra6+ Kd7 56. Raxe6 Rxg4+ 57. Kf3 Rg5 58. Ra6 Ke7 59. Rfb6 Be1 60.
Rb7+ Kd8 61. Ra8+ Rc8 62. Rxc8+ Kxc8 63. Rf7 Rh5 64. Ke2 Bb4 65. Rf6 Kd7 66. Rg6
Bd6 67. Kf3 Rf5+ 68. Ke2 Kc6 69. Rh6 Rf7 70. Rg6 Rb7 71. Rg8 Rxb3 72. Rc8+ Kd7
73. Ra8 Rb2+ 74. Kf3 Bb4 75. Ra1 Ke6 76. Ra6+ Kf5 77. Rb6 Rb1 78. Rb5 Ke6 79.
Rb6+ Kd7 80. Kg2 Kc7 81. Rb5 Kc6 82. Rb8 Rb2 83. Kf3 Kc7 84. Rb5 Kd6 85. Rb6+
Kd7 86. Rb5 Ke6 87. Rb6+ Ke7 88. Rb5 Kd6 89. Rb6+ Kc7 90. Rb5 Kc6 91. Rb8 Ba3
92. Rxb2 Bxb2 93. e4 Bxd4 94. Kf4 Bxf2 95. exd5+ Kxd5 1/2-1/2

[Event "chess.com SpeedChess 2023"]
[Site "chess.com INT"]
[Date "2023.09.06"]
[Round "1.22"]
[White "Sarana, Alexey"]
[Black "Nihal, Sarin"]
[Result "0-1"]
[WhiteTitle "GM"]
[BlackTitle "GM"]
[WhiteElo "2693"]
[BlackElo "2694"]
[WhiteFideId "24133795"]
[BlackFideId "25092340"]
[EventDate "2023.09.04"]
[EventType "k.o."]

1. d4 a6 2. e4 c6 3. a4 d5 4. Nc3 dxe4 5. Nxe4 Nf6 6. Nxf6+ exf6 7. Nf3 Bd6 8.
Bd3 O-O 9. O-O Re8 10. h3 Nd7 11. c3 Nf8 12. Qc2 Be6 13. Bd2 Qd7 14. Rae1 Ng6
15. c4 Bxh3 16. Rxe8+ Rxe8 17. Re1 Rxe1+ 18. Nxe1 Be6 19. Be4 f5 20. Bf3 Ne7 21.
Nd3 f6 22. b4 Bf7 23. Be3 g5 24. Qc3 f4 25. Bc1 Qf5 26. Bb2 b5 27. axb5 axb5 28.
d5 bxc4 29. Qxc4 Bxd5 30. Bxd5+ Qxd5 31. Qc3 Be5 32. Nxe5 fxe5 33. Qc2 Kg7 34.
f3 h5 35. Qe2 Kf6 36. Bc3 Nf5 37. Kh2 Ne3 38. Qa6 g4 39. Qc8 g3+ 40. Kh3 Qe6+
41. Qxe6+ Kxe6 42. Bd2 h4 43. Bc3 Kf5 44. Ba1 e4 45. fxe4+ Kxe4 46. Bf6 Nxg2 47.
Kxg2 f3+ 48. Kg1 f2+ 49. Kg2 h3+ 0-1

[Event "chess.com SpeedChess 2023"]
[Site "chess.com INT"]
[Date "2023.09.06"]
[Round "1.23"]
[White "Nihal, Sarin"]
[Black "Sarana, Alexey"]
[Result "1-0"]
[WhiteTitle "GM"]
[BlackTitle "GM"]
[WhiteElo "2694"]
[BlackElo "2693"]
[WhiteFideId "25092340"]
[BlackFideId "24133795"]
[EventDate "2023.09.04"]
[EventType "k.o."]

1. Nf3 d5 2. b3 Nf6 3. Bb2 c5 4. e3 Nc6 5. Bb5 e6 6. O-O Bd6 7. Bxc6+ bxc6 8.
Ne5 O-O 9. d3 Nd7 10. Nxd7 Bxd7 11. Nd2 e5 12. Qh5 f5 13. f4 Qe7 14. fxe5 Bxe5
15. Bxe5 Qxe5 16. Qe2 Rae8 17. Rae1 Qb2 18. Nf3 Re7 19. Qd2 Rfe8 20. a4 Qf6 21.
Re2 d4 22. Rfe1 Qh6 23. e4 f4 24. Qa5 g5 25. Qxc5 g4 26. Nxd4 Rg7 27. Nf5 Qg5
28. Qc4+ Be6 29. Qxc6 Bd7 30. Qc4+ Be6 31. Qd4 Rd7 32. Qf2 Rf8 33. Kh1 g3 34.
Qf3 Rxf5 35. exf5 Bd5 36. Re4 Qh4 37. h3 Bxe4 38. Rxe4 Qf6 39. Rxf4 Qa1+ 40. Qf1
Qe5 41. Re4 Qc7 42. Qe1 Kf7 43. Rh4 Kf6 44. Qe6+ Kg7 45. Rg4+ 1-0

[Event "chess.com SpeedChess 2023"]
[Site "chess.com INT"]
[Date "2023.09.06"]
[Round "1.24"]
[White "Sarana, Alexey"]
[Black "Nihal, Sarin"]
[Result "0-1"]
[WhiteTitle "GM"]
[BlackTitle "GM"]
[WhiteElo "2693"]
[BlackElo "2694"]
[WhiteFideId "24133795"]
[BlackFideId "25092340"]
[EventDate "2023.09.04"]
[EventType "k.o."]

1. d4 a6 2. c4 b5 3. e3 Bb7 4. Nf3 bxc4 5. Bxc4 e6 6. O-O Nf6 7. Nc3 d5 8. Bd3
Nbd7 9. Ne5 c5 10. f4 cxd4 11. exd4 Be7 12. Kh1 O-O 13. Qf3 Rc8 14. Qh3 Ne4 15.
Ne2 Ndf6 16. b3 a5 17. g4 Qd6 18. g5 Ne8 19. a4 Qd8 20. Rf3 N8d6 21. Ng3 g6 22.
Qh6 Qb6 23. Nxe4 dxe4 24. Rh3 exd3+ 25. Kg1 Qxd4+ 26. Kf1 Rxc1+ 27. Rxc1 Qxf4+
28. Nf3 Qxc1+ 29. Ne1 Qf4+ 30. Nf3 Qxf3+ 31. Rxf3 Bxf3 0-1

[Event "chess.com SpeedChess 2023"]
[Site "chess.com INT"]
[Date "2023.09.06"]
[Round "1.25"]
[White "Nihal, Sarin"]
[Black "Sarana, Alexey"]
[Result "1-0"]
[WhiteTitle "GM"]
[BlackTitle "GM"]
[WhiteElo "2694"]
[BlackElo "2693"]
[WhiteFideId "25092340"]
[BlackFideId "24133795"]
[EventDate "2023.09.04"]
[EventType "k.o."]

1. Nf3 d5 2. b3 c6 3. Bb2 Bg4 4. e3 e6 5. h3 Bh5 6. d3 Nd7 7. Nbd2 f6 8. Be2 Bd6
9. O-O Ne7 10. c4 Bf7 11. d4 O-O 12. e4 Rc8 13. Re1 Bb8 14. Bd3 Re8 15. Qc2 Nf8
16. Re2 Qd7 17. Rae1 Rcd8 18. Ba3 Neg6 19. g3 Ne7 20. exd5 cxd5 21. Bxe7 Rxe7
22. cxd5 Qxd5 23. Bc4 Qd7 24. Ne4 b6 25. h4 Qb7 26. Qd2 Bh5 27. Qe3 Kh8 28. Rd2
Bc7 29. Bf1 Qd5 30. Bg2 Qa5 31. Rc1 Bb8 32. Rdc2 Bg6 33. Nfd2 Red7 34. Rc8 Qa3
35. R1c2 Qa6 36. Rxd8 Rxd8 37. a4 Qa5 38. Rc1 Qb4 39. Rc4 Qa3 40. Bf3 Qa1+ 41.
Kg2 Qb2 42. Nc3 e5 43. h5 Bf7 44. h6 Bxc4 45. Nxc4 Qc2 46. hxg7+ Kxg7 47. dxe5
Qg6 48. exf6+ Qxf6 49. Nd5 Qg6 50. Qc3+ Kg8 51. Ne7+ 1-0

[Event "chess.com SpeedChess 2023"]
[Site "chess.com INT"]
[Date "2023.09.06"]
[Round "1.26"]
[White "Sarana, Alexey"]
[Black "Nihal, Sarin"]
[Result "1-0"]
[WhiteTitle "GM"]
[BlackTitle "GM"]
[WhiteElo "2693"]
[BlackElo "2694"]
[WhiteFideId "24133795"]
[BlackFideId "25092340"]
[EventDate "2023.09.04"]
[EventType "k.o."]

1. e4 a6 2. Bc4 c6 3. Nc3 b5 4. Bb3 g6 5. h4 h5 6. Qf3 e6 7. e5 d5 8. exd6 Qxd6
9. Ne4 Qc7 10. d4 Nd7 11. Bf4 Qb6 12. c3 Bb7 13. Qe3 c5 14. Nf3 cxd4 15. Nxd4
Rc8 16. O-O Bxe4 17. Qxe4 Ngf6 18. Qe2 Bc5 19. Nxe6 fxe6 20. Bxe6 Kf8 21. Bxd7
Nxd7 22. Rad1 Nf6 23. b4 Be7 24. Rfe1 Rh7 25. Be3 Qc6 26. Bd4 Rf7 27. Rd3 Re8
28. Re3 Bd6 29. Rxe8+ Nxe8 30. Qd2 Bf4 31. Qd3 Nc7 32. g3 Bh6 33. Re5 Bg7 34.
Rc5 Qe6 35. Be3 Ne8 36. Bf4 Rd7 37. Qf3 Kg8 38. Rc6 Qf5 39. Rxa6 Nf6 40. Kg2 Ng4
41. a4 bxa4 42. Rxa4 Qc2 43. Ra8+ Kh7 44. Bg5 Bf6 45. Bxf6 Nxf6 46. Qxf6 Qe4+
47. Qf3 Qe5 48. Qf8 Qe4+ 49. Kh2 Qe5 50. Qg8+ Kh6 51. Qh8+ Qxh8 52. Rxh8+ Kg7
53. Rc8 Rd2 54. Kg2 Rc2 55. Rc5 Kf6 56. Kf3 Ke6 57. Ke3 Kf6 58. f4 Ra2 59. Kf3 1-0

[Event "chess.com SpeedChess 2023"]
[Site "chess.com INT"]
[Date "2023.09.08"]
[Round "1.1"]
[White "Firouzja, Alireza"]
[Black "Andreikin, Dmitry"]
[Result "1/2-1/2"]
[WhiteTitle "GM"]
[BlackTitle "GM"]
[WhiteElo "2777"]
[BlackElo "2729"]
[WhiteFideId "12573981"]
[BlackFideId "4158814"]
[EventDate "2023.09.04"]
[EventType "k.o."]

1. e4 e5 2. Nf3 Nc6 3. Bb5 f5 4. d3 fxe4 5. dxe4 Nf6 6. Qe2 Bc5 7. O-O Nd4 8.
Nxd4 Bxd4 9. Nd2 Qe7 10. Nf3 Bb6 11. Nh4 O-O 12. Nf5 Qe6 13. Ng3 Kh8 14. Bc4 Qg4
15. Qxg4 Nxg4 16. Be3 d6 17. Bxb6 axb6 18. a4 Bd7 19. b3 Nf6 20. f3 Ra5 21. Ne2
g6 22. Nc3 Kg7 23. Kf2 Rc5 24. Ke3 c6 25. Kd2 d5 26. Bd3 d4 27. Ne2 Ra5 28. f4
Re8 29. Rae1 c5 30. fxe5 Rxe5 31. Ng3 Ra8 32. Rf4 Bc6 33. Ref1 Rf8 34. h4 Nd7
35. Rxf8 Nxf8 36. Bc4 Re7 37. c3 dxc3+ 38. Kxc3 Nd7 39. Rf4 Ne5 40. Be2 Rd7 41.
Nf1 Rd4 42. Nd2 h6 43. Nf3 Nxf3 44. gxf3 Rd7 45. Bc4 Re7 46. Kd3 Bd7 47. e5 Bf5+
48. Kd2 Rxe5 49. Be2 g5 50. hxg5 hxg5 51. Rc4 Be6 52. Rc3 Kf6 53. Bd1 Rd5+ 54.
Ke1 Rd4 55. Bc2 Bd5 56. Re3 Rf4 57. Bd1 Rf5 58. Kf2 g4 59. Kg3 gxf3 60. Bxf3
Rxf3+ 61. Rxf3+ Bxf3 62. Kxf3 Kf5 63. Ke3 Ke5 64. Kd3 Kd5 65. Kc3 Kd6 66. Kd3
Kc7 67. Kc3 Kd6 68. Kd3 Kd7 69. Kc3 Kc6 70. Kc4 Kd6 71. Kb5 Kc7 72. a5 bxa5 73.
Kxc5 b6+ 74. Kb5 Kb7 75. b4 a4 76. Kxa4 Kc6 77. Kb3 Kd5 78. Kc3 b5 79. Kd3 Ke5
80. Ke3 Kd5 81. Kd3 Ke5 82. Ke3 Kd5 83. Kd3 1/2-1/2

[Event "chess.com SpeedChess 2023"]
[Site "chess.com INT"]
[Date "2023.09.08"]
[Round "1.2"]
[White "Andreikin, Dmitry"]
[Black "Firouzja, Alireza"]
[Result "1-0"]
[WhiteTitle "GM"]
[BlackTitle "GM"]
[WhiteElo "2729"]
[BlackElo "2777"]
[WhiteFideId "4158814"]
[BlackFideId "12573981"]
[EventDate "2023.09.04"]
[EventType "k.o."]

1. d4 Nf6 2. c4 e6 3. Nf3 d5 4. cxd5 exd5 5. Nc3 c6 6. Qc2 Bd6 7. Bg5 Be6 8. e3
Nbd7 9. Bd3 Qc7 10. Rc1 h6 11. Bh4 O-O 12. O-O Rac8 13. Bg3 Bxg3 14. hxg3 Qd6
15. Qb3 Rb8 16. Ne2 Bg4 17. Nf4 Rfe8 18. Nh2 Be6 19. Nf3 Ne4 20. Bxe4 dxe4 21.
Nxe6 Rxe6 22. Nd2 h5 23. Qa3 Qxa3 24. bxa3 Nf6 25. a4 a5 26. Rc5 b6 27. Re5 Rxe5
28. dxe5 Nd7 29. Nc4 Nc5 30. Rb1 Nxa4 31. Nxa5 c5 32. Nc6 Ra8 33. Ne7+ Kf8 34.
Nd5 Rb8 35. Kh2 Ke8 36. Kh3 Kd7 37. Kh4 Ke6 38. Nc7+ Kxe5 39. Rd1 Nc3 40. Rd7
Rb7 41. Kg5 Nxa2 42. Rd5# 1-0

[Event "chess.com SpeedChess 2023"]
[Site "chess.com INT"]
[Date "2023.09.08"]
[Round "1.3"]
[White "Firouzja, Alireza"]
[Black "Andreikin, Dmitry"]
[Result "1/2-1/2"]
[WhiteTitle "GM"]
[BlackTitle "GM"]
[WhiteElo "2777"]
[BlackElo "2729"]
[WhiteFideId "12573981"]
[BlackFideId "4158814"]
[EventDate "2023.09.04"]
[EventType "k.o."]

1. e4 e5 2. Nf3 Nc6 3. Bb5 f5 4. Nc3 fxe4 5. Nxe4 Nf6 6. Qe2 d5 7. Nxf6+ gxf6 8.
d4 Bg7 9. dxe5 O-O 10. e6 Ne5 11. O-O c6 12. Bd3 Bxe6 13. Nd4 Bg4 14. f3 Bd7 15.
Nf5 Nxd3 16. Qxd3 Bxf5 17. Qxf5 Qc8 18. Qd3 f5 19. c3 f4 20. Bd2 Qf5 21. Qxf5
Rxf5 22. Rfe1 Kf7 23. Re2 Re8 24. Rae1 Rfe5 25. Kf1 Rxe2 26. Rxe2 Rxe2 27. Kxe2
Be5 28. Kd3 Ke6 29. Be1 b5 30. b4 a6 31. g4 fxg3 32. hxg3 Bc7 33. Bf2 a5 34. a3
h5 35. g4 hxg4 36. fxg4 a4 37. Be3 Be5 38. Bd4 Bf4 39. Be3 Be5 40. Bd4 Bf4 41.
Be3 Be5 1/2-1/2

[Event "chess.com SpeedChess 2023"]
[Site "chess.com INT"]
[Date "2023.09.08"]
[Round "1.4"]
[White "Andreikin, Dmitry"]
[Black "Firouzja, Alireza"]
[Result "1/2-1/2"]
[WhiteTitle "GM"]
[BlackTitle "GM"]
[WhiteElo "2729"]
[BlackElo "2777"]
[WhiteFideId "4158814"]
[BlackFideId "12573981"]
[EventDate "2023.09.04"]
[EventType "k.o."]

1. d4 Nf6 2. c4 e6 3. Nf3 d5 4. cxd5 exd5 5. Nc3 c6 6. Qc2 Bd6 7. Bg5 Be6 8. e3
Nbd7 9. Bd3 Qb8 10. Bh4 h6 11. Bg3 Bxg3 12. hxg3 O-O 13. O-O-O c5 14. Kb1 Qe8
15. Ng5 c4 16. Bh7+ Kh8 17. Ne2 hxg5 18. Bf5+ Kg8 19. Bh7+ Kh8 20. Bg6+ Kg8 21.
Bh7+ Kh8 1/2-1/2

[Event "chess.com SpeedChess 2023"]
[Site "chess.com INT"]
[Date "2023.09.08"]
[Round "1.5"]
[White "Firouzja, Alireza"]
[Black "Andreikin, Dmitry"]
[Result "0-1"]
[WhiteTitle "GM"]
[BlackTitle "GM"]
[WhiteElo "2777"]
[BlackElo "2729"]
[WhiteFideId "12573981"]
[BlackFideId "4158814"]
[EventDate "2023.09.04"]
[EventType "k.o."]

1. d4 Nf6 2. c4 e6 3. g3 Bb4+ 4. Bd2 Bxd2+ 5. Qxd2 d5 6. Bg2 O-O 7. Nf3 c6 8.
O-O Nbd7 9. Rc1 Qe7 10. a4 a5 11. Na3 Re8 12. e3 h6 13. Ne1 dxc4 14. Nxc4 e5 15.
Nxa5 exd4 16. exd4 Nb6 17. Nc4 Nxc4 18. Rxc4 Qe2 19. Qxe2 Rxe2 20. Rc2 Rxa4 21.
Rxe2 Rxa1 22. h3 Rd1 23. Kh2 Rxd4 24. Nf3 Rb4 25. Ne5 Be6 26. Nd3 Rb5 27. Nf4
Bc4 28. Rc2 Rb4 29. Bf3 Kf8 30. Rd2 g5 31. Ng2 Bd5 32. Bxd5 Nxd5 33. Ne1 Ke7 34.
Nf3 Kf6 35. Re2 Nc7 36. Ne5 Ne6 37. Ng4+ Kg7 38. Kg2 h5 39. Ne3 h4 40. Rd2 Kg6
41. Ng4 hxg3 42. fxg3 Rb3 43. Rf2 f5 44. Ne5+ Kg7 45. Rxf5 Rxb2+ 46. Kg1 Rb1+
47. Kg2 Rb2+ 48. Kg1 Rb5 49. h4 gxh4 50. gxh4 Rd5 51. Kf2 b5 52. Ke3 b4 53. Ke4
Nc5+ 54. Kf4 b3 55. Rg5+ Kh7 56. Rg2 Nd3+ 57. Nxd3 Rxd3 58. Ke4 Rc3 59. Kd4 Rc2
60. Rg3 c5+ 61. Kd3 c4+ 62. Kd4 b2 0-1

[Event "chess.com SpeedChess 2023"]
[Site "chess.com INT"]
[Date "2023.09.08"]
[Round "1.6"]
[White "Andreikin, Dmitry"]
[Black "Firouzja, Alireza"]
[Result "0-1"]
[WhiteTitle "GM"]
[BlackTitle "GM"]
[WhiteElo "2729"]
[BlackElo "2777"]
[WhiteFideId "4158814"]
[BlackFideId "12573981"]
[EventDate "2023.09.04"]
[EventType "k.o."]

1. d4 Nf6 2. c4 e6 3. Nf3 d5 4. cxd5 exd5 5. Nc3 c6 6. Qc2 Bd6 7. Bg5 Bg4 8. Ne5
Be6 9. e3 O-O 10. Bd3 h6 11. Bxf6 Qxf6 12. f4 Qh4+ 13. g3 Qe7 14. O-O Bh3 15.
Rf2 Nd7 16. Bf5 Bxf5 17. Qxf5 Nf6 18. a3 Qe6 19. Qxe6 fxe6 20. Nd3 Rac8 21. b4
Kh7 22. Rb1 Rc7 23. Rc2 g5 24. Kf2 Kg6 25. Kf3 g4+ 26. Ke2 h5 27. h4 gxh3 28.
Rh1 Kf5 29. Rxh3 Rg7 30. Kf3 Rfg8 31. Rg2 b6 32. Ne5 c5 33. bxc5 bxc5 34. Ne2 c4
35. Rgh2 Bxe5 36. dxe5 Ne4 37. Nd4+ Kg6 38. Rxh5 Kf7 39. R5h3 Rxg3+ 40. Rxg3
Rxg3+ 41. Ke2 c3 42. Rh7+ Kg6 43. Rc7 Rh3 44. Nxe6 Rh2+ 45. Kf3 Rf2+ 46. Kg4
Rg2+ 47. Kh3 Rg3+ 48. Kh4 Rxe3 49. Nd4 Nf2 50. f5+ Kh6 51. Rc6+ Kh7 52. f6 Re4+
53. Kg5 Nh3+ 54. Kf5 Rxd4 55. Ke6 Ng5+ 56. Ke7 Re4 57. e6 Nxe6 58. Rxe6 c2 59.
f7 c1=Q 0-1

[Event "chess.com SpeedChess 2023"]
[Site "chess.com INT"]
[Date "2023.09.08"]
[Round "1.7"]
[White "Firouzja, Alireza"]
[Black "Andreikin, Dmitry"]
[Result "1/2-1/2"]
[WhiteTitle "GM"]
[BlackTitle "GM"]
[WhiteElo "2777"]
[BlackElo "2729"]
[WhiteFideId "12573981"]
[BlackFideId "4158814"]
[EventDate "2023.09.04"]
[EventType "k.o."]

1. e4 e5 2. Nf3 Nc6 3. Bb5 f5 4. Nc3 fxe4 5. Nxe4 Nf6 6. Qe2 d5 7. Nxf6+ gxf6 8.
d4 Bg7 9. dxe5 O-O 10. O-O fxe5 11. Bxc6 e4 12. Bxd5+ Qxd5 13. Ng5 Bf5 14. Rd1
Qc6 15. Be3 h6 16. Nh3 Bxh3 17. gxh3 Rf3 18. Kh1 Raf8 19. Rg1 Kh7 20. c3 Be5 21.
Rg2 Qe6 22. Rag1 Rxh3 23. Bd4 Bxd4 24. cxd4 Rf7 25. d5 Qf5 26. Re1 Rh4 27. Qe3
Qf3 28. Kg1 Qxe3 29. Rxe3 Rd7 30. Rc3 c6 31. d6 Rxd6 32. Rgg3 Rd2 33. Rb3 b6 34.
Ra3 a5 35. Rab3 b5 36. Rbc3 Rf4 37. Rxc6 Rfxf2 38. Rc7+ Kh8 39. Rc8+ Kh7 40.
Rc7+ Kh8 41. Rc8+ Kh7 42. Rc7+ 1/2-1/2

[Event "chess.com SpeedChess 2023"]
[Site "chess.com INT"]
[Date "2023.09.08"]
[Round "1.8"]
[White "Andreikin, Dmitry"]
[Black "Firouzja, Alireza"]
[Result "1-0"]
[WhiteTitle "GM"]
[BlackTitle "GM"]
[WhiteElo "2729"]
[BlackElo "2777"]
[WhiteFideId "4158814"]
[BlackFideId "12573981"]
[EventDate "2023.09.04"]
[EventType "k.o."]

1. d4 Nf6 2. c4 e6 3. Nf3 d5 4. cxd5 exd5 5. Nc3 c6 6. Qc2 Bd6 7. Bg5 Bg4 8. Ne5
Be6 9. e3 O-O 10. Bd3 h6 11. Bh4 c5 12. O-O Nc6 13. Nxc6 bxc6 14. Kh1 cxd4 15.
exd4 c5 16. Nb5 c4 17. Bh7+ Kh8 18. Bxf6 gxf6 19. Bf5 Rb8 20. Nc3 Qb6 21. Bxe6
fxe6 22. Rae1 Qxb2 23. Qg6 Rb7 24. Rb1 1-0